00938nam a22002177a 4500999001500000003000900015008004100024020000900065040007100074082001700145100001700162245007800179260003400257300002600291505020300317650003100520650004100551942001600592945000900608952010300617  c2969d2969AR-CdUCM190305b           ||||| |||| 00| 0 esp d  aISBN  aMUNICIPALIDAD PROVINCIAL DEL CUSCOcBIBLIOTECA MUNICIPAL DEL CUSCO  a848.8 /bV52  aVerne, Julio  aLos hijos del capitán Grant :bviaje alrededor del mundo /cJulio Verne  aBarcelona ;bProvenza,c1932.  a265 paginas ;c23 cm.  aLas minas del monte Alejandro -- Cuatro días de angustia -- Edén -- Historia retrospectiva -- Una disertación sobre canibalismo -- Hacia el peligro -- El lago Taupo -- La montaña sagrada ...  aNovela geográfica910154  aLa expedición circunnavega 910155  2ddccLIBROS  aacrt  002ddc4070aSHbSHcCARTd2019-03-05g60.00o848.8 / V52 / t.1pSH0000002586r2019-03-05yLIBROS